000 00554cam a22002291 4500
001 sa 65006289
003 DLC
005 20260227112141.0
008 890622s1964 ii 000 0 urdr
010 _asa 65006289
035 _a(OCoLC)19914430
040 _aDLC
_cWaU
_dDLC
042 _apremarc
050 0 0 _aPK2184
_b.B25
100 1 _aBarni, Muhammad Ilyas.
245 1 0 _aJaz̲bāt-i fit̤rat.
260 _c[1964?]
300 _a4 v. in 2.
_c19 cm.
500 _aIn Urdu.
500 _aText partially vocalized.
650 0 _aUrdu poetry.
999 _c64605
_d64605